01083 2200373 4500001002100000005001500021035002500036007000300061008004100064020002200105040001700127041000800144082001400152084001600166090001800182245004800200250001400248260003600262300004000298500002800338650001300366650002500379700001400404850001200418504003100430264004800461336002100509337003000530338002300560546006700583990002100650990001800671990002000689INLIS00000000000159820191219022915 a0010-011500000000238ta150127s2014 yoia g ind d a978-602-280-240-2 aYOPDYOGbind0 aind04223a371.3 aT 371.3 MOD aDEP 371.3 MOD1 aModul micro teaching /cIndahyati...[et.al] aCetakan 1 aYogyakarta :bDeepublish,c2014 axvi , 76 halaman :bgrafik ;c20 cm aBibliografi : hlm.75-76 4aMengajar 4aMetodik (Pendidikan)0 aIndahyati aYOPDYOG aBibliografi: halaman 75-7631aYogyakarta :bGramedia Pustaka Utama,c2011 2rdacontentateks 2rdamediaatanpa perantara 2rdacarrieravolume ateks dalam bahasa Indonesia, diterjemahkan dari Bahasa Inggris aCB-D.11/2014-184 a55093-PD/A.17 a63685-PD/A.2019